Normal view
MARC view
Entry Personal Name
001 - CONTROL NUMBER
- control field: 57665
003 - CONTROL NUMBER IDENTIFIER
- control field: dpl
005 - DATE AND TIME OF LATEST TRANSACTION
- control field: 20231005121242.0
008 - FIXED-LENGTH DATA ELEMENTS
- fixed length control field: 231005|| aca||aabn | a|a d
040 ## - CATALOGING SOURCE
- Original cataloging agency: dpl
- Transcribing agency: dpl
100 ## - HEADING--PERSONAL NAME
- Personal name: 'यामिनी',रचना भोला
670 ## - SOURCE DATA FOUND
- Source citation: Work cat.: (dpl)198680: आर्चर,जैफरी 57664, केन एंड एबल, 2023
